E-shopy už nemusí řešit logistiku
Široká ponuka služieb pre e-shopy. Ponuka dopravy, výdajných miest, skladovania a balenia ako aj IT služieb. Nová služba na českom trhu - MailStage. Lacnejšia preprava a efektívnejšia expedícia. Služba Balíkobot.
Salvato in:
| Autore principale: | |
|---|---|
| Natura: | Capitolo di libro |
| Lingua: | ceco |
| Soggetti: | |
| Tags: |
Nessun Tag, puoi essere il primo ad aggiungerne!!
|
MARC
| LEADER | 00000naa a2200000 4500 | ||
|---|---|---|---|
| 001 | 0214869 | ||
| 005 | 20160408105919.1 | ||
| 041 | 0 | |a cze | |
| 044 | |a CZ | ||
| 245 | 1 | 0 | |a E-shopy už nemusí řešit logistiku |c Vojtěch Kolář |
| 520 | |a Široká ponuka služieb pre e-shopy. Ponuka dopravy, výdajných miest, skladovania a balenia ako aj IT služieb. Nová služba na českom trhu - MailStage. Lacnejšia preprava a efektívnejšia expedícia. Služba Balíkobot. | ||
| 610 | 2 | 0 | |a logistika |
| 610 | 2 | 0 | |a doprava |
| 610 | 2 | 0 | |a distribúcia |
| 610 | 2 | 0 | |a skladovanie |
| 610 | 2 | 0 | |a obchod elektronický |
| 610 | 2 | 0 | |a služby |
| 100 | 1 | |a Kolář, Vojtěch | |